[Event "SVK-ch U08"]
[Site "Dudince"]
[Date "2023.04.17"]
[Round "2"]
[White "Hornacek, Tomas"]
[Black "Slamka, Matias"]
[Result "1-0"]
[WhiteElo "1077"]
[BlackElo "1000"]
[PlyCount "57"]
[EventDate "2023.04.16"]
[EventType "swiss"]
[EventRounds "9"]
[EventCountry "SVK"]
[SourceTitle "CBM 213 Extra"]
[Source "ChessBase"]
[SourceDate "2023.05.31"]
[SourceVersion "1"]
[SourceVersionDate "2023.05.31"]
[SourceQuality "1"]

1. e4 e5 2. Nf3 Nc6 3. d4 Nf6 4. d5 Bc5 5. dxc6 bxc6 6. Bd3 d5 7. exd5 cxd5 8. Bb5+ Bd7 9. Bxd7+ Qxd7 10. Nxe5 Qe6 11. Bf4 Bd4 12. Qxd4 c5 13. Qxc5 Nd7 14. Qd4 Rb8 15. b3 Ra8 16. 0-0 0-0 17. Nxd7 Qxd7 18. Nc3 Rae8 19. Qxd5 Qc8 20. Qc4 Qd7 21. Rfd1 Qf5 22. Bd6 Re6 23. Bxf8 Kxf8 24. Rd8+ Ke7 25. Rad1 Rg6 26. Nd5+ Kxd8 27. Ne3+ Qd7 28. Rxd7+ Kxd7 29. Qxf7+ 1-0

[Event "SVK-ch U08"]
[Site "Dudince"]
[Date "2023.04.16"]
[Round "1"]
[White "Prochazka, Martin"]
[Black "Hornacek, Tomas"]
[Result "1-0"]
[WhiteElo "1000"]
[BlackElo "1077"]
[PlyCount "73"]
[EventDate "2023.04.16"]
[EventType "swiss"]
[EventRounds "9"]
[EventCountry "SVK"]
[SourceTitle "CBM 213 Extra"]
[Source "ChessBase"]
[SourceDate "2023.05.31"]
[SourceVersion "1"]
[SourceVersionDate "2023.05.31"]
[SourceQuality "1"]

1. e4 e6 2. c4 c6 3. Nc3 Bb4 4. Nf3 d6 5. d3 h6 6. Be3 Nf6 7. a3 Bxc3+ 8. bxc3 0-0 9. Be2 e5 10. 0-0 Bg4 11. h3 Bh5 12. d4 Nbd7 13. Rb1 b6 14. d5 Nxe4 15. dxc6 Nxc3 16. Qd3 Nxb1 17. Rxb1 Bg6 18. Qb3 Bxb1 19. Qxb1 Nf6 20. Qb5 Ne4 21. Qd5 Nc3 22. Qd3 Nxe2+ 23. Qxe2 Qc7 24. Nh4 Qxc6 25. Nf5 Rfe8 26. Qg4 g6 27. Nxh6+ Kf8 28. f4 Qc8 29. Qf3 Qxc4 30. fxe5 dxe5 31. g4 Red8 32. h4 Rd3 33. h5 gxh5 34. gxh5 Rad8 35. Kf2 Qa2+ 36. Kg3 Qxa3 37. Qxf7# 1-0